004730000a2200169000450000500170000010000200001724500510003726000830008830000090017149000300018004000080021036500080021865000140022665000250024065000150026565000230028020120302054001.0 a Bottomere,T.B. a Sociology: A guide to problems and literature aLondon:The English Language Book Society and George Allen and Unwin Ltd.,1964. a331p aUnwin University Books 13 aENG bRs. aSociology aLiterature-Sociology aPopulation aSocial Institution